000 01012nam a22002537a 4500
001 BD-DhSAU#14538
003 BD-DhSAU
005 20190306155326.0
008 150613b2011 bg a||||r|||| 000 0 eng d
040 _aBD-DhSAU
082 _222
_a630.2
_bIs41
100 _aMd. Kabirul Islam
_eRegistration No. # 09-03660
245 _aPotencies of some selected vegetables in Bangladesh as boi-herbicide /
_bMS thesis
_cIslam, Md. Kabirul
260 _aSher-e- Bangla Agricultural University :
_bDepartment of Chemistry,
_c2016
300 _ax, 57 p. :
_bill. ;
_c30 cm.
500 _aMS thesis of Department of Chemistry, Faculty of Agriculture, Sher-e-Bangla Agricultural University, Dhaka, Bangladesh
590 _aroy
650 _aChemistry.
650 _a Boi-herbicide
_zBangladesh
700 _aKhan, Md. Sirajul Islam
_eSupervisor
700 _aRazzaque, Md. Abdur
_eCo-Supervisor
856 _uhttp://archive.saulibrary.edu.bd:8080/xmlui/handle/123456789/2274
_yOnline Access
942 _2ddc
_cTHESIS
999 _c14539
_d14538